Nonparametric statistics : (Record no. 4600)
| 000 -BAŞLIK | |
|---|---|
| Sabit Uzunluktaki Kontrol Alanı | 00916nam a22003017a 4500 |
| 001 - KONTROL NUMARASI | |
| Control Dosyası | 0004618 |
| 003 - KONTROL NUMARASI KİMLİĞİ | |
| Kontrol Alanı | KOHA_MİRAKIL |
| 005 - EN SON İŞLEM TARİHİ ve ZAMANI | |
| Kontrol Alanı | 20260207001419.0 |
| 007 - FİZİKSEL TANIM SABİT ALAN - GENEL BİLGİ | |
| Sabit uzunluklu kontrol alanı | ta |
| 008 - SABİT UZUNLUKTAKİ VERİ ÖGELERİ - GENEL BİLGİ | |
| Sabit Alan | 090506b1977 mau |||gr||||#||||0|eng | |
| 020 ## - ISBN - ULUSLARARASI STANDART KİTAP NUMARASI | |
| Isbn | 0201065479 |
| 040 ## - KATALOGLAMA KAYNAĞI | |
| Özgün Kataloglama Kurumu | TR-BiSEU |
| Kataloglama Dili | tur |
| Çeviri Kurumu | TR-BiSEU |
| Açıklama Kuralları | rda |
| 041 0# - DİL KODU | |
| Metin ya da ses kaydının dil kodu | eng |
| 044 ## - YAYINLAYAN/ÜRETEN KURULUŞUN ÜLKE KODU | |
| ISO country code | mau |
| 050 ## - SINIFLAMA ve YER NUMARASI | |
| Sınıflama Numarası | QA278.8 |
| Yer Numarası | .R86 1977 |
| 100 1# - KİŞİ ADI | |
| Yazar Adı (Kişi adı) | Runyon, Richard P.. |
| 245 1# - ESER ADI BİLDİRİMİ | |
| Başlık | Nonparametric statistics : |
| Alt Eseradı vb. | a contemporary approach/ |
| Sorumluluk Bildirimi | Richard P. Runyon ; Richard P. Runyon. |
| 264 #1 - ÜRERİM, YAYIN, DAĞITIM ve TELİF BİLDİRİMİ | |
| Yayın yeri | Reading, Mass. : |
| Yayınlayan | Addison-Wesley |
| Yayın tarihi | 1977 |
| 300 ## - FİZİKSEL TANIMLAMA | |
| Sayfa, Cilt vb. | vi, 218 sayfa: resimli |
| 336 ## - İÇERİK TÜRÜ | |
| Content type term | metin |
| Content type code | txt |
| Source | rdacontent |
| 337 ## - MEDYA TÜRÜ | |
| Media type term | aracısız |
| Media type code | n |
| Source | rdamedia |
| 338 ## - TAŞIYICI TÜRÜ | |
| Carrier type term | cilt |
| Carrier type code | nc |
| Source | rdacarrier |
| 490 0# - DİZİ BİLDİRİMİ | |
| Dizi Bildirimi | Addison-Wesley series in statistics |
| 500 ## - GENEL NOT | |
| Genel Not | Dizin var. |
| 650 #0 - KONU BAŞLIĞI EK GİRİŞ - KONU TERİMİ | |
| Konusal terim veya coğrafi ad | Nonparametric statistics. |
| 9 (RLIN) | 4586 |
| 830 0# - SERİ EK GİRİŞİ - TEKBİÇİM ESER ADI | |
| Tekbiçim Başlık | Addison-Wesley series in statistics |
| 9 (RLIN) | 11400 |
| 942 ## - EK GİRİŞ ÖGELERİ (KOHA) | |
| Source of classification or shelving scheme | Library of Congress Classification |
| Koha item type | Book |
| Materyal Türü | Kalıcı Konum | Mevcut Konum | Raf Yeri | Sınıflandırma Kaynağı | Edinim Bilgisi | Ana Konular | Alt Konular | Yer Numarası | Demirbaş Numarası | Fatura Tarihi | Maliyet, Alış Fiyatı | Maliyet, Yenileme Fiyatı | Geri Çekilme Durumu | Kayıp Durumu | Hasarlı Durumu | Kredi için değil | Kayıt Tarih | Toplam Ödünçverme | Son Görülme Tarihi | Son Kontrol Tarihi | Genel / Bağış Notu |
|---|---|---|---|---|---|---|---|---|---|---|---|---|---|---|---|---|---|---|---|---|---|
| Book | Prof. Dr. Azmi Özcan Kütüphanesi | Prof. Dr. Azmi Özcan Kütüphanesi | Birûni Salonu | Library of Congress Classification | Bağış | BİLİM | Matematik | QA278.8 .R86 1977 | 0004618 | 13/08/2010 | 1.50 | 1.50 | 06/05/2009 | 07/05/2025 | 07/05/2025 | Genel Bağış |
